Spider-Man's Enemies - Statistics

General Stats
  • This quiz has been taken 46 times
  • The average score is 7 of 10
Answer Stats
Rank Answer % Correct
#5 Green Goblin
94%
#2 Sandman
94%
#1 Venom
92%
#6 Electro
78%
#10 Rhino
75%
#7 Lizard
72%
#9 Mysterio
69%
#8 Carnage
56%
#3 Kraven The Hunter
47%
#4 Dr. Octavius
6%
No matching quizzes found
Score Distribution
Percent of People with Each Score
Percentile by Number Answered
Your Score History
You have not taken this quiz